Statistics for Iceland Players Biggest Transfers

Click here to take the quiz!

General Stats

  • This quiz has been taken 26 times
  • The average score is 20 of 62

Answer Stats

PlayerFromJoined% Correct
AMGylfi Sigurdsson17/18Swansea CityEverton
96%
AMGylfi Sigurdsson14/15Tottenham HotspurSwansea City
96%
AMGylfi Sigurdsson12/13HoffenheimTottenham Hotspur
96%
AMGylfi Sigurdsson10/11ReadingHoffenheim
96%
CBRagnar Sigurdsson13/14KobenhavnKrasnodar
84%
CBRagnar Sigurdsson16/17KrasnodarFulham
84%
AMArnor Sigurdsson18/19NorrkopingCSKA Moscow
80%
STEidur Gudjohnsen06/07ChelseaBarcelona
64%
STEidur Gudjohnsen09/10BarcelonaMonaco
64%
STEidur Gudjohnsen00/01Bolton WanderersChelsea
64%
STEidur Gudjohnsen10/11MonacoStoke City
64%
RWJohann Berg Gudmundsson16/17Charlton AthleticBurnley
44%
STKolbeinn Sigthorsson15/16AjaxNantes
44%
STKolbeinn Sigthorsson11/12AZ AlkmaarAjax
44%
LWAlbert Gudmundsson21/22AZ AlkmaarGenoa
40%
LWAlbert Gudmundsson18/19PSVAZ Alkmaar
40%
GKRunar Alex Runarsson18/19NordsjaellandDijon
40%
GKRunar Alex Runarsson20/21DijonArsenal
40%
STAlfred Finnbogason16/17Real SociedadAugsburg
36%
STAlfred Finnbogason15/6Real SociedadOlympiacos
36%
STAlfred Finnbogason14/15HeerenveenReal Sociedad
36%
CMBirkir Bjarnason16/17BaselAston Villa
32%
CMBirkir Bjarnason13/14PescaraSampdoria
32%
CMBirkir Bjarnason15/16PescaraBasel
32%
LWHakon Arnar Haraldsson23/24KobenhavnLille
32%
CBKari Arnason06/07DjurgardensAarhus
28%
CBSverrir Ingi Ingason16/17LokerenGranada
28%
CBSverrir Ingi Ingason17/18GranadaRostov
28%
CBSverrir Ingi Ingason23/24PAOKMidtjylland
28%
CBSverrir Ingi Ingason18/19RostovPAOK
28%
SSVeigar Pall Gunnarsson08/09StabaekNancy
28%
CBHermann Hreidarsson00/01WimbledonIpswich Town
20%
CBHermann Hreidarsson99/00BrentfordWimbledon
20%
CBHermann Hreidarsson98/99Crystal PalaceBrentford
20%
CBHermann Hreidarsson02/03Ipswich TownCharlton Athletic
20%
CMIsak Bergmann Johannesson21/22NorrkopingKobenhavn
20%
STJon Dadi Bodvarsson16/17KaiserslauternWolverhampton Wanderers
20%
CMArnor Ingvi Traustason16/17NorrkopingRapid Vienna
16%
STBjorn Sigurdarson17/18MoldeRostov
16%
STBjorn Sigurdarson12/13LillestromWolverhampton Wanderers
16%
RBGretar Steinsson05/06Young BoysAZ Alkmaar
16%
RBGretar Steinsson07/08AZ AlkmaarBolton Wanderers
16%
CBHordur Magnusson18/19Bristol CityCSKA Moscow
16%
CBHordur Magnusson13/14JuventusSpezia
16%
CBHordur Magnusson14/15SpeziaJuventus
16%
CBHordur Magnusson16/17JuventusBristol City
16%
RWArnar Gunnlaugsson98/99Bolton WanderersLeicester City
12%
CMEmil Hallfredsson15/16Hellas VeronaUdinese
12%
STHeidar Helguson07/08FulhamBolton Wanderers
12%
STHeidar Helguson99/00LillestromWatford
12%
STHeidar Helguson05/06WatfordFulham
12%
DMStefan Gislason07/08LynBrondby
12%
CMJoey Gudjonsson01/02WaalwijkReal Betis
8%
CMMikael Egill Ellertsson21/22SPALSpezia
8%
RWThordur Gudjonsson00/01GenkLas Palmas
8%
CBHolmar Orn Eyjolfsson16/17RosenborgMaccabi Haifa
4%
LWMikael Anderson21/22MidtjyllandAarhus
4%
CMRunar Mar Sigurjonsson16/17SundsvallGrasshoppers
4%
CBSolvi Ottesen10/11SonderjyskeKobenhavn
4%
STVidar Orn Kjartansson18/19Maccabi Tel AvivRostov
4%
STVidar Orn Kjartansson14/15ValerengaJiangsu Guoxin Sainty
4%
STVidar Orn Kjartansson16/17MalmoMaccabi Tel Aviv
4%

Score Distribution

Percentile by Number Answered

Percent of People with Each Score

Your Score History

You have not taken this quiz